000 00678nam a2200181Ia 4500
003 GCL
008 140319s9999 xx 000 0 ara d
040 _aGCL /
_cGCL
082 0 4 _a811.009
_bز س
100 1 _aزينب عبد العزيز العمرى
245 1 0 _aالسمات الحضارية فى شعر الاعشى :
_bدراسة لغوية و حضارية /
_cزينب عبد العزيز العمرى
250 _aالاولى
260 _aالرياض :
_bمطابع دار الهلال للاوفست ،
_c1983
300 _a438 ص ؛
_c24 سم
650 0 4 _aالشعر العربى
650 0 4 _aالشعر العربى - تاريخ ونقد
942 _2ddc
_cBK
999 _c6953
_d6953